00000000nam 2200000za 4500
0019.816787
003CaOODSP
00520221107142327
007cr |||||||||||
008160503s2004    onc    #o    f000 0 eng d
040 |aCaOODSP|beng
043 |an-cn---
0861 |aE2-491/2004E-PDF
1101 |aCanada.|bForeign Affairs and International Trade.|bOffice of the Inspector General.
24510|aEvaluation of the Program Integrity Funding I |h[electronic resource] : |bfinal report / |cForeign Affairs Canada and International Trade Canada, Office of the Inspector General, Evaluation Division (SIE).
260 |a[Ottawa] : |bForeign Affairs Canada and International Trade Canada, |c2004.
300 |avi, 46, [4] p.
500 |aIssued also in French under title: Évaluation, Financement de l'intégrité des programmes I.
500 |a"March, 2004."
69207|2gccst|aFunding
69207|2gccst|aGovernment services
77508|tÉvaluation, Financement de l'intégrité des programmes I |w(CaOODSP)9.816887
85640|qPDF|s153 KB|uhttps://publications.gc.ca/collections/collection_2016/amc-gac/E2-491-2004-eng.pdf